Grundrirs der Geschichte der Philosophie. Dritter Theil. Berlin, 1888.
Elmentve itt :
| Szerző: | |
|---|---|
| Adatforrás: | Philobibl |
| Forrásdokumentuma: | Magyar Philosophiai Szemle /7. évf 1888., 332. p. |
| Dokumentumtípus: | Cikk |
| Nyelv: | magyar |
| LEADER | 00349nab a2200097 c 4500 | ||
|---|---|---|---|
| 001 | bibDOK00011297 | ||
| 005 | 20200924120653.6 | ||
| 008 | 060518s1888 hu hun | ||
| 100 | 1 | |a Ueberwegs, Friedrich | |
| 245 | 1 | 0 | |a Grundrirs der Geschichte der Philosophie. Dritter Theil. Berlin, 1888. |c Ueberwegs, Friedrich |
| 773 | 0 | |t Magyar Philosophiai Szemle /7. évf |g 1888., 332. p. | |